| 000 | 01050nam a2200277 i 4500 | ||
|---|---|---|---|
| 001 | 182620 | ||
| 003 | ES-MaACL | ||
| 005 | 20250806062255.0 | ||
| 008 | 131007s2012 sp | |||||||| | spa d | ||
| 020 | _a978-84-615-7453-7 | ||
| 080 | _a616-057:355.353(100)(091) | ||
| 080 | _a627.76/.77(100)(091) | ||
| 080 | _a623.828.6(100)(091) | ||
| 100 | 1 |
_aAragón Canovas, Francisco Javier. _9153532 |
|
| 245 | 1 | 3 |
_aEl transporte marítimo : _ben lo bélico y en la navegación / _cFrancisco Javier Aragón Cánovas. |
| 260 |
_aMadrid : _bReal Liga Naval Española, _c[2012] |
||
| 300 |
_a305 p. ; _c30 cm. |
||
| 650 | 7 |
_aMedicina naval _2embne _9144561 |
|
| 650 | 4 |
_aServicios de salvamento marítimo- _vHistoria. _9153533 |
|
| 650 | 4 |
_aBarcos hospitales- _xHistoria. _9153536 |
|
| 710 | 2 |
_aReal Liga Naval Española. _9153379 |
|
| 852 |
_aES-MaACL _jA-12863 _9189536 _bR.149104 _cDEPO1 _dOlim: N-5863 _xDonación: Real Liga Naval Española |
||
| 914 |
_9153379 _aReal Liga Naval Española _ednr |
||
| 942 |
_2udc _cMONOGRAFIA |
||
| 999 |
_c182620 _d182620 |
||